000 00800nam a2200265 i 4500
003 DO-SdBNP
005 20250114143409.0
007 ta
008 250114b2024 dr ||||| |||| 00| 0 spa d
020 _a9789945654363
040 _aDO-SdBNP
_bspa
_cBNPHU
_erda
082 4 _222
_axxx
_bP426e
100 _aPeralta, Sahí Peralta,
_eautor
_4aut.
_986892
245 1 0 _aEva /
_cSahí M. Peralta
250 _aPrimera edición
264 4 _aSanto Domingo :
_bEditora Santuario,
_c2024.
300 _a221 páginas ;
_c24 cm.
336 _atexto
_btxt
_2rdacontent
337 _asin mediación
_bn
_2rdamedia
338 _avolumen
_bnc
_2rdacarrier
500 _aIncluye datos biográfos del autor en la solapa de la cubierta
590 _aInventariado, 2025/BT
910 _aBtavárez
942 _2ddc
_cLBS1
999 _c58055
_d58055